Eurovision Winning Countries - Statistics

General Stats
  • This quiz has been taken 13 times
  • The average score is 35 of 63
Answer Stats
Hint Answer % Correct
1956 Switzerland
92%
1974 Sweden
85%
1958 France
77%
2017 Portugal
77%
1996 Ireland
69%
1961 Luxembourg
69%
1957 Netherlands
69%
2012 Sweden
69%
2015 Sweden
69%
2016 Ukraine
69%
2011 Azerbaijan
62%
2013 Denmark
62%
1960 France
62%
2010 Germany
62%
1992 Ireland
62%
1993 Ireland
62%
1994 Ireland
62%
1998 Israel
62%
2018 Israel
62%
1990 Italy
62%
2019 Netherlands
62%
1995 Norway
62%
2009 Norway
62%
2008 Russia
62%
1991 Sweden
62%
1999 Sweden
62%
1997 United Kingdom
62%
2014 Austria
54%
2000 Denmark
54%
2006 Finland
54%
2005 Greece
54%
1970 Ireland
54%
1987 Ireland
54%
1978 Israel
54%
1959 Netherlands
54%
1975 Netherlands
54%
2007 Serbia
54%
1968 Spain
54%
1984 Sweden
54%
2004 Ukraine
54%
1967 United Kingdom
54%
1981 United Kingdom
54%
1966 Austria
46%
2001 Estonia
46%
1962 France
46%
1977 France
46%
1980 Ireland
46%
1979 Israel
46%
1964 Italy
46%
2002 Latvia
46%
1972 Luxembourg
46%
1988 Switzerland
46%
1976 United Kingdom
46%
1989 Yugoslavia
46%
1986 Belgium
38%
1963 Denmark
38%
1982 Germany
38%
1965 Luxembourg
38%
1973 Luxembourg
38%
1983 Luxembourg
38%
1971 Monaco
38%
1985 Norway
38%
2003 Turkey
38%
No matching quizzes found
Score Distribution
Percent of People with Each Score
Percentile by Number Answered
Your Score History
You have not taken this quiz